[Event "4NCL Division 1b"]
[Site "Hinckley Island ENG"]
[Date "2014.02.15"]
[Round "5.151"]
[White "Le Roux, Jean-Pierre"]
[Black "Howell, David WL"]
[Result "1/2-1/2"]
[WhiteElo "2551"]
[BlackElo "2646"]
[PlyCount "117"]
[EventDate "2014.02.15"]
[WhiteTeam "Guildford 2"]
[BlackTeam "Wood Green HK 1"]

1. Nf3 Nf6 2. c4 g6 3. Nc3 Bg7 4. g3 O-O 5. Bg2 c5 6. O-O Nc6 7. d4 d6 8. dxc5
dxc5 9. Be3 Be6 10. Qa4 Qa5 11. Qxa5 Nxa5 12. Bxc5 Nd7 13. Bd4 Bxc4 14. Bxg7
Kxg7 15. b3 Be6 16. Nd4 Bf5 17. Rfd1 Nf6 18. b4 Nc4 19. Bxb7 Rab8 20. Ba6 Rxb4
21. a3 Rbb8 22. Bxc4 Rfc8 23. Nxf5+ gxf5 24. Nd5 Rxc4 25. Nxe7 f4 26. Nf5+ Kg6
27. Nh4+ Kg7 28. Ng2 fxg3 29. hxg3 Rb2 30. Nf4 h5 31. Rd3 h4 32. Rad1 Kf8 33.
Rd6 Kg7 34. R1d3 Ra4 35. Rc6 Rb6 36. Rc7 Rba6 37. Rb3 hxg3 38. Rxg3+ Kf8 39.
Nh3 Ne8 40. Rcc3 Nd6 41. Ng5 Ne4 42. Nxe4 Rxe4 43. Kf1 Rf4 44. Rgd3 Rff6 45. f3
Rfc6 46. Kf2 Rxc3 47. Rxc3 Ke7 48. Rd3 Ra4 49. Ke3 Ke6 50. Kd2 Ke5 51. Kc2 Ra6
52. Kb3 Kf4 53. a4 f5 54. Kb4 Re6 55. Rd2 Ke3 56. Rc2 Re5 57. Kc4 Ra5 58. Kb4
Re5 59. Kc4 1/2-1/2

[Event "4NCL Division 1b"]
[Site "Hinckley Island ENG"]
[Date "2014.02.15"]
[Round "5.152"]
[White "Pert, Nicholas"]
[Black "Hebden, Mark L"]
[Result "1/2-1/2"]
[WhiteElo "2556"]
[BlackElo "2549"]
[PlyCount "117"]
[EventDate "2014.02.15"]
[WhiteTeam "Wood Green HK 1"]
[BlackTeam "Guildford 2"]

1. d4 Nf6 2. Nf3 g6 3. g3 Bg7 4. Bg2 O-O 5. O-O d6 6. Nc3 a5 7. e4 Nc6 8. d5
Nb4 9. a3 Na6 10. Re1 e6 11. dxe6 Bxe6 12. h3 Nc5 13. Bf4 Re8 14. Qd2 Bc4 15.
e5 dxe5 16. Bxe5 Ne6 17. Rad1 c6 18. Qe3 Bd5 19. Qc1 Qb6 20. Nxd5 cxd5 21. Qe3
Nc5 22. Qd4 Rac8 23. b4 axb4 24. axb4 Na4 25. Qxb6 Nxb6 26. Bd4 Nfd7 27. Rxe8+
Rxe8 28. Be3 Bc3 29. b5 Bb4 30. Nh2 Bc5 31. Ng4 Rc8 32. Bxd5 h5 33. Bxb7 Rb8
34. Bc6 hxg4 35. Bxd7 Bxe3 36. fxe3 Nxd7 37. Rxd7 Rxb5 38. hxg4 Rc5 39. Rd2 Kg7
40. Kf2 Kf6 41. Kf3 Kg5 42. Rd7 f6 43. Rd2 Rc4 44. Rf2 Rc6 45. Rh2 Rc8 46. Re2
Rc7 47. Rd2 Rc5 48. Rg2 Rc4 49. Rh2 Rc8 50. Re2 Rc7 51. Rd2 Rc5 52. e4 Rc3+ 53.
Rd3 Rxc2 54. Rd5+ Kh6 55. g5+ fxg5 56. Rd7 Rc3+ 57. Kg4 Rc4 58. Re7 Rc7 59.
Rxc7 1/2-1/2

[Event "4NCL Division 1b"]
[Site "Hinckley Island ENG"]
[Date "2014.02.15"]
[Round "5.153"]
[White "Suarez Real, Alberto"]
[Black "Lalic, Bogdan"]
[Result "1/2-1/2"]
[WhiteElo "2405"]
[BlackElo "2489"]
[PlyCount "80"]
[EventDate "2014.02.15"]
[WhiteTeam "Guildford 2"]
[BlackTeam "Wood Green HK 1"]

1. e4 e5 2. Nf3 Nc6 3. d4 exd4 4. Nxd4 Qf6 5. Nxc6 dxc6 6. Bc4 Qg6 7. O-O Bg4
8. f3 Bh3 9. Qd2 Bb4 10. Nc3 Ne7 11. Kh1 Be6 12. Bxe6 Qxe6 13. Qd4 Bxc3 14.
Qxc3 O-O 15. b3 b6 16. Bb2 f6 17. f4 c5 18. f5 Qf7 19. e5 fxe5 20. Qxe5 Rae8
21. f6 Nc6 22. Qg3 Nd4 23. Rf2 g6 24. Raf1 Re4 25. h3 Rfe8 26. Qd3 Re3 27. Qd2
R3e4 28. Qd3 Re3 29. Qd2 R3e4 30. Kh2 c6 31. Qg5 R8e5 32. Qg3 h5 33. Bxd4 cxd4
34. Rf5 Rxf5 35. Rxf5 Kh7 36. Rf3 c5 37. Qd6 g5 38. Qc6 Re5 39. Qd6 Re4 40. Qc6
Re5 1/2-1/2

[Event "4NCL Division 1b"]
[Site "Hinckley Island ENG"]
[Date "2014.02.15"]
[Round "5.154"]
[White "Aagaard, Jacob"]
[Black "Sarakauskas, Gediminas"]
[Result "1/2-1/2"]
[WhiteElo "2519"]
[BlackElo "2399"]
[PlyCount "81"]
[EventDate "2014.02.15"]
[WhiteTeam "Wood Green HK 1"]
[BlackTeam "Guildford 2"]

1. e4 e6 2. d4 d5 3. Nc3 dxe4 4. Nxe4 Nd7 5. Nf3 Ngf6 6. Nxf6+ Nxf6 7. Be2 Be7
8. O-O O-O 9. c4 c5 10. Be3 b6 11. Ne5 Bb7 12. Bf3 Qc7 13. Bxb7 Qxb7 14. dxc5
Bxc5 15. Bxc5 bxc5 16. Qe2 Rfd8 17. Rfd1 Kf8 18. b3 Qc7 19. Qe3 Rd6 20. Rxd6
Qxd6 21. Nd3 Rc8 22. h3 Ng8 23. Rd1 Ne7 24. Qe4 h6 25. Nb2 Qc7 26. Na4 Nf5 27.
Rd3 Nd6 28. Qh7 Ne8 29. Nc3 Nf6 30. Qh8+ Ng8 31. Nb5 Qe7 32. Qh7 Nf6 33. Qh8+
Ng8 34. Rg3 Qf6 35. Qh7 Rd8 36. Qb1 a6 37. Nc3 Qd4 38. Qe4 Nf6 39. Qc6 Qd6 40.
Qxd6+ Rxd6 41. Kf1 1/2-1/2

[Event "4NCL Division 1b"]
[Site "Hinckley Island ENG"]
[Date "2014.02.15"]
[Round "5.156"]
[White "Cherniaev, Alexander"]
[Black "Kilpatrick, Callum"]
[Result "1-0"]
[WhiteElo "2427"]
[BlackElo "2370"]
[PlyCount "105"]
[EventDate "2014.02.15"]
[WhiteTeam "Wood Green HK 1"]
[BlackTeam "Guildford 2"]

1. d4 Nf6 2. g3 g6 3. Bg2 Bg7 4. e4 d6 5. Ne2 O-O 6. O-O Nbd7 7. h3 c5 8. c3
Rb8 9. a4 b6 10. Na3 a6 11. Be3 Qc7 12. b4 Bb7 13. Qb1 e5 14. d5 Nh5 15. Bf3 f5
16. exf5 Rxf5 17. Bg2 Rf7 18. Ra2 Nhf6 19. Rd1 Re8 20. Rb2 c4 21. Qa2 Rc8 22.
Rbd2 Nh5 23. Rf1 Nhf6 24. f4 exf4 25. Nxf4 Re7 26. Bd4 Ne5 27. b5 Rce8 28. Rdf2
Nfd7 29. bxa6 Bxa6 30. Ne6 Qc8 31. Nb5 Bxb5 32. axb5 Bh6 33. Qa3 Nf7 34. Kh2
Nde5 35. Bxb6 Qb8 36. Bd4 Qxb5 37. Rb2 Qd7 38. Rfb1 Nd3 39. Rb8 Nfe5 40. Qa8
Kf7 41. Nd8+ Kf6 42. Rf1+ Kg7 43. Ne6+ Kg8 44. Rfb1 Kf7 45. Qa6 Rxb8 46. Rxb8
Rxe6 47. dxe6+ Qxe6 48. Qb7+ Qe7 49. Qc8 Kf6 50. Qxc4 Kf5 51. Qd5 Kg5 52. Be3+
Kh5 53. Bf3# 1-0

[Event "4NCL Division 1b"]
[Site "Hinckley Island ENG"]
[Date "2014.02.15"]
[Round "5.157"]
[White "Wall, Gavin"]
[Black "Houska, Jovanka"]
[Result "0-1"]
[WhiteElo "2323"]
[BlackElo "2418"]
[PlyCount "52"]
[EventDate "2014.02.15"]
[WhiteTeam "Guildford 2"]
[BlackTeam "Wood Green HK 1"]

1. e4 c6 2. d4 d5 3. f3 e6 4. Nc3 Qb6 5. Nge2 Nf6 6. Nf4 dxe4 7. fxe4 Bb4 8. e5
Nd5 9. Qd3 c5 10. a3 Bxc3+ 11. bxc3 Nc6 12. Nh5 cxd4 13. Nxg7+ Kd8 14. Bg5+ Kc7
15. c4 Qa5+ 16. Kf2 Ne3 17. Bf6 Nxe5 18. Qxd4 N3g4+ 19. Kg1 Nxf6 20. c5 Nfd7
21. Qd6+ Kd8 22. Rd1 Qc3 23. Bb5 Rg8 24. h4 Qe3+ 25. Kf1 Qf4+ 26. Kg1 Nf3+ 0-1

[Event "4NCL Division 1b"]
[Site "Hinckley Island ENG"]
[Date "2014.02.15"]
[Round "5.158"]
[White "Emms, John M"]
[Black "Ciuksyte, Dagne"]
[Result "1-0"]
[WhiteElo "2451"]
[BlackElo "2350"]
[PlyCount "81"]
[EventDate "2014.02.15"]
[WhiteTeam "Wood Green HK 1"]
[BlackTeam "Guildford 2"]

1. e4 c5 2. Nf3 e6 3. c3 Nf6 4. e5 Nd5 5. d4 cxd4 6. cxd4 d6 7. Bc4 Nc6 8. O-O
Be7 9. exd6 Qxd6 10. Nc3 O-O 11. Re1 Rd8 12. Bb3 Nf6 13. Nb5 Qd7 14. Bf4 Nd5
15. Bxd5 Qxd5 16. Nc7 Qf5 17. Bg3 Rb8 18. d5 exd5 19. Nd4 Qf6 20. Nxc6 bxc6 21.
Ne8 Rxe8 22. Bxb8 Be6 23. Be5 Qh4 24. Qd3 Bb4 25. Re2 Bg4 26. f3 Be6 27. a3
Bc5+ 28. Kh1 Bb6 29. b4 Rd8 30. Rc1 d4 31. Rxc6 Bf5 32. Qd2 d3 33. Re1 Qf2 34.
Qxf2 Bxf2 35. Rd1 d2 36. g4 Be6 37. Kg2 Be1 38. Rc3 Bd7 39. Rd3 h5 40. Bc7 Re8
41. Rxd7 1-0

[Event "4NCL Division 1b"]
[Site "Hinckley Island ENG"]
[Date "2014.02.15"]
[Round "5.161"]
[White "Turner, Matthew J"]
[Black "Slavin, Alexei"]
[Result "0-1"]
[WhiteElo "2507"]
[BlackElo "2383"]
[PlyCount "134"]
[EventDate "2014.02.15"]
[WhiteTeam "Barbican 4NCL 1"]
[BlackTeam "e2e4.org.uk 1"]

1. e4 c5 2. c3 g6 3. Nf3 Bg7 4. d4 cxd4 5. cxd4 d5 6. e5 Bg4 7. Qb3 Qd7 8. Nc3
Bxf3 9. gxf3 Nc6 10. Be3 Nh6 11. Bd3 O-O 12. Qxd5 Qxd5 13. Nxd5 Rfd8 14. Be4
Rd7 15. O-O-O Rad8 16. Nc3 Nxd4 17. Nd5 Nc6 18. f4 Nf5 19. Rhg1 Kf8 20. a3 e6
21. Nc3 Ncd4 22. Kb1 f6 23. exf6 Bxf6 24. Rd3 b6 25. Rgd1 Ke7 26. Ka2 Rd6 27.
Bd2 Kf7 28. Be1 Bg7 29. a4 Bh6 30. Rh3 Kg7 31. Bd2 Ne2 32. Bxf5 exf5 33. Nxe2
Rxd2 34. Rxd2 Rxd2 35. Re3 Kf7 36. Kb3 Bg7 37. Nc3 Rxf2 38. Nb5 Rd2 39. Nxa7
Rxb2+ 40. Kc4 Bh6 41. Rh3 Kg7 42. Rf3 Rxh2 43. Nb5 Kf7 44. Kd5 Ra2 45. Rh3 Bxf4
46. Rxh7+ Kf6 47. Rb7 Rxa4 48. Rxb6+ Kg5 49. Nc3 Ra3 50. Kc4 Be5 51. Nd5 Ra4+
52. Kb5 Rd4 53. Kc5 Rd1 54. Re6 Re1 55. Kc4 Bg3 56. Ra6 f4 57. Ra3 Kg4 58. Nf6+
Kf5 59. Nd5 g5 60. Ra8 Rc1+ 61. Kd3 Rd1+ 62. Kc4 Bf2 63. Rf8+ Kg4 64. Nf6+ Kf3
65. Rg8 Bh4 66. Rh8 Kg2 67. Nd5 Rxd5 0-1

[Event "4NCL Division 1b"]
[Site "Hinckley Island ENG"]
[Date "2014.02.15"]
[Round "5.162"]
[White "Jackson, James P"]
[Black "Griffiths, Ryan Rhys"]
[Result "1/2-1/2"]
[WhiteElo "2263"]
[BlackElo "2350"]
[PlyCount "137"]
[EventDate "2014.02.15"]
[WhiteTeam "e2e4.org.uk 1"]
[BlackTeam "Barbican 4NCL 1"]

1. e4 e5 2. Nf3 Nf6 3. Nxe5 d6 4. Nf3 Nxe4 5. Nc3 Nxc3 6. dxc3 Be7 7. Be3 Nc6
8. Qd2 Be6 9. O-O-O Qd7 10. Kb1 O-O-O 11. Ng5 Bxg5 12. Bxg5 f6 13. Be3 Rhe8 14.
Be2 Bg4 15. h3 Bxe2 16. Qxe2 Re5 17. Qd3 g6 18. Bf4 Re7 19. Rhe1 Rde8 20. Bd2
Rxe1 21. Rxe1 Rxe1+ 22. Bxe1 Qe6 23. Bd2 a6 24. b3 d5 25. f3 Nd8 26. Kc1 b5 27.
Kd1 Qd6 28. Ke2 Ne6 29. Kf2 f5 30. Kf1 f4 31. Qe2 Kd7 32. Bc1 Ng7 33. Qd2 Nh5
34. Ke1 Qe5+ 35. Kd1 Ng3 36. Qe1 Qg5 37. Qd2 Qe5 38. Qe1 Qf5 39. c4 bxc4 40.
bxc4 g5 41. Qd2 c6 42. Qd4 Qe6 43. Ba3 Qe2+ 44. Kc1 Qe3+ 45. Qxe3 fxe3 46. cxd5
Ne2+ 47. Kd1 Nc3+ 48. Ke1 cxd5 49. Bc5 Nxa2 50. Bxe3 h6 51. h4 gxh4 52. Bxh6
Nb4 53. Kd2 Ke6 54. Bg5 h3 55. gxh3 Kf5 56. Bh6 a5 57. Bf8 Nc6 58. Ke3 a4 59.
Bc5 Nd8 60. Bd6 Nf7 61. Bb4 Ne5 62. Kd4 Nc4 63. h4 a3 64. h5 a2 65. Bc3 Na3 66.
Kxd5 Nxc2 67. h6 Kg6 68. Bg7 Ne3+ 69. Ke4 1/2-1/2

[Event "4NCL Division 1b"]
[Site "Hinckley Island ENG"]
[Date "2014.02.15"]
[Round "5.163"]
[White "Ferguson, Mark"]
[Black "Mladenov, Plamen"]
[Result "1-0"]
[WhiteElo "2417"]
[BlackElo "2375"]
[PlyCount "113"]
[EventDate "2014.02.15"]
[WhiteTeam "Barbican 4NCL 1"]
[BlackTeam "e2e4.org.uk 1"]

1. e4 e5 2. Nf3 Nc6 3. Bc4 Nf6 4. d3 h6 5. O-O d6 6. Re1 g6 7. d4 Qe7 8. Nc3
Bg4 9. Bb5 Bxf3 10. Qxf3 a6 11. Nd5 Nxd5 12. Bxc6+ bxc6 13. exd5 Bg7 14. dxc6
O-O 15. Bd2 Rfe8 16. Qh3 Kh7 17. d5 f5 18. c4 e4 19. Rad1 Qf7 20. Bc3 Re7 21.
Bxg7 Qxg7 22. Qc3 Re5 23. f4 Ree8 24. Qxg7+ Kxg7 25. Re3 Reb8 26. b3 Kf6 27.
Kf2 a5 28. Rb1 g5 29. g3 Rg8 30. h3 Rg7 31. fxg5+ hxg5 32. g4 Rh8 33. Rg1 f4
34. Rxe4 Rxh3 35. Rge1 Rf7 36. Re6+ Kg7 37. Re7 Rh2+ 38. Kf1 Rc2 39. Rd7 Kf8
40. Rd8+ Kg7 41. Rd7 Kf8 42. Rxf7+ Kxf7 43. Re6 Rh2 44. a3 Rh8 45. b4 axb4 46.
axb4 Re8 47. Rh6 Kg7 48. Rxd6 cxd6 49. b5 Kf6 50. b6 Ke5 51. b7 Rb8 52. c7 Rxb7
53. c8=Q Rb3 54. Qf5+ Kd4 55. Qxg5 Ke4 56. Qf5+ Kf3 57. Qc2 1-0

[Event "4NCL Division 1b"]
[Site "Hinckley Island ENG"]
[Date "2014.02.15"]
[Round "5.164"]
[White "Sowray, Peter J"]
[Black "Franklin, Samuel GA"]
[Result "1-0"]
[WhiteElo "2355"]
[BlackElo "2309"]
[PlyCount "63"]
[EventDate "2014.02.15"]
[WhiteTeam "e2e4.org.uk 1"]
[BlackTeam "Barbican 4NCL 1"]

1. d4 Nf6 2. c4 g6 3. Nc3 Bg7 4. e4 d6 5. f3 O-O 6. Be3 c5 7. Nge2 Nc6 8. d5
Na5 9. Ng3 a6 10. Rc1 Nd7 11. b3 Ne5 12. Be2 b5 13. f4 Nd7 14. Bd3 bxc4 15.
bxc4 Rb8 16. e5 dxe5 17. f5 Nb6 18. Qe2 gxf5 19. Nxf5 Bxf5 20. Bxf5 e6 21. dxe6
fxe6 22. Bxe6+ Kh8 23. Ne4 Qh4+ 24. Nf2 Nc6 25. Bxc5 Qh6 26. O-O Qxe6 27. Bxf8
Rxf8 28. Ne4 Rxf1+ 29. Rxf1 h6 30. Qh5 Kg8 31. Nf6+ Kf8 32. Qg6 1-0

[Event "4NCL Division 1b"]
[Site "Hinckley Island ENG"]
[Date "2014.02.15"]
[Round "5.165"]
[White "Dorrington, Chris J"]
[Black "Crouch, Colin S"]
[Result "1-0"]
[WhiteElo "2324"]
[BlackElo "2333"]
[PlyCount "43"]
[EventDate "2014.02.15"]
[WhiteTeam "Barbican 4NCL 1"]
[BlackTeam "e2e4.org.uk 1"]

1. Nf3 d5 2. d4 c6 3. c4 Nf6 4. Nc3 e6 5. e3 a6 6. Ne5 Nbd7 7. f4 c5 8. cxd5
exd5 9. Qf3 cxd4 10. exd4 Bb4 11. Bd3 O-O 12. O-O Nb6 13. g4 Ne8 14. f5 Nc7 15.
f6 g6 16. Bh6 Re8 17. Nxg6 hxg6 18. Bxg6 Nd7 19. Bh7+ Kxh7 20. Qf5+ Kh8 21.
Bg7+ Kg8 22. Qh5 1-0

[Event "4NCL Division 1b"]
[Site "Hinckley Island ENG"]
[Date "2014.02.15"]
[Round "5.166"]
[White "Eden, Tomer"]
[Black "Cox, John J"]
[Result "1/2-1/2"]
[WhiteElo "2214"]
[BlackElo "2395"]
[PlyCount "126"]
[EventDate "2014.02.15"]
[WhiteTeam "e2e4.org.uk 1"]
[BlackTeam "Barbican 4NCL 1"]

1. Nf3 d5 2. b3 Bg4 3. Bb2 Bxf3 4. exf3 e6 5. g3 Nf6 6. Bg2 g6 7. O-O Bg7 8. c4
O-O 9. f4 Nc6 10. cxd5 Nxd5 11. Bxg7 Kxg7 12. Nc3 Nd4 13. Ne2 Qf6 14. Bxd5 exd5
15. Nxd4 Qxd4 16. Qc2 c6 17. Rae1 Rfe8 18. Re3 Re4 19. Rfe1 Rae8 20. Qc3 Qxc3
21. dxc3 f5 22. Kg2 Kf6 23. Kf3 R8e6 24. Rd1 Ke7 25. Rd2 Kd6 26. Ke2 Kc5 27.
Rd4 Rxe3+ 28. fxe3 a5 29. Rd2 b5 30. Kd3 b4 31. a3 bxc3 32. Rc2 Kb5 33. Rxc3 c5
34. Rc2 Ra6 35. Rb2 Ra7 36. Kc3 h5 37. h4 Re7 38. a4+ Kc6 39. Kd3 Rb7 40. Kc3
Rb4 41. Rd2 Re4 42. Kd3 d4 43. exd4 cxd4 44. Kc4 Re3 45. Rxd4 Rxg3 46. b4 axb4
47. Kxb4 Rg4 48. a5 Rxh4 49. Rc4+ Kd5 50. Kb5 Rh1 51. Rc5+ Ke4 52. Rc4+ Kf3 53.
a6 Rb1+ 54. Rb4 Re1 55. a7 Re8 56. Ka6 Ra8 57. Kb7 Rxa7+ 58. Kxa7 h4 59. Rb6 h3
60. Rxg6 h2 61. Rh6 Kg2 62. Rg6+ Kh3 63. Rh6+ Kg2 1/2-1/2

[Event "4NCL Division 1b"]
[Site "Hinckley Island ENG"]
[Date "2014.02.15"]
[Round "5.167"]
[White "Knott, Simon JB"]
[Black "Mladenov, Iliyan D"]
[Result "0-1"]
[WhiteElo "2332"]
[BlackElo "2235"]
[PlyCount "100"]
[EventDate "2014.02.15"]
[WhiteTeam "Barbican 4NCL 1"]
[BlackTeam "e2e4.org.uk 1"]

1. Nf3 c5 2. c4 b6 3. g3 Bb7 4. Bg2 Nf6 5. O-O e6 6. Nc3 Be7 7. Re1 d6 8. e4 a6
9. d4 cxd4 10. Nxd4 Qc7 11. Be3 Nbd7 12. Rc1 O-O 13. f4 Rfe8 14. g4 g6 15. g5
Nh5 16. f5 exf5 17. Nxf5 Bf8 18. Nd5 Qd8 19. Rf1 Bxd5 20. cxd5 Ne5 21. Nd4 b5
22. Nc6 Qd7 23. Bd4 h6 24. h4 Bg7 25. Bh3 Qb7 26. Rc3 hxg5 27. hxg5 b4 28. Rc2
a5 29. Kg2 b3 30. axb3 Qxb3 31. Rc3 Nf4+ 32. Kg3 Qxd1 33. Rxd1 Ne2+ 34. Kf2
Nxc3 35. Bxc3 Nc4 36. Bxg7 Kxg7 37. b3 Nb6 38. e5 Rh8 39. Bg4 dxe5 40. d6 a4
41. d7 axb3 42. d8=Q Rhxd8 43. Nxd8 b2 44. Rb1 Rxd8 45. Rxb2 Rd4 46. Be6 Rf4+
47. Ke3 Na4 48. Rb5 fxe6 49. Rxe5 Rf5 50. Rxe6 Rxg5 0-1

[Event "4NCL Division 1b"]
[Site "Hinckley Island ENG"]
[Date "2014.02.15"]
[Round "5.168"]
[White "Norinkeviciute, Rasa"]
[Black "Regan, Natasha K"]
[Result "1-0"]
[WhiteElo "2014"]
[BlackElo "2073"]
[PlyCount "71"]
[EventDate "2014.02.15"]
[WhiteTeam "e2e4.org.uk 1"]
[BlackTeam "Barbican 4NCL 1"]

1. c4 e5 2. g3 Nc6 3. Bg2 g6 4. Nc3 Bg7 5. d3 d6 6. e4 Be6 7. Nge2 Qd7 8. h4
Nh6 9. Nd5 O-O-O 10. Bg5 Rdf8 11. Nf6 Bxf6 12. Bxf6 Rhg8 13. f3 Ng4 14. fxg4
Bxg4 15. Qd2 Kb8 16. O-O-O h6 17. Rde1 Qe6 18. Rhf1 a6 19. Qxh6 b5 20. b3 bxc4
21. dxc4 Bxe2 22. Rxe2 Nd4 23. Ref2 a5 24. Qd2 Kb7 25. Bg5 Ra8 26. Be3 Nc6 27.
Rxf7 a4 28. Qd5 Qxd5 29. exd5 Nb4 30. a3 axb3 31. axb4 Ra2 32. R7f2 Rga8 33.
Rxa2 Rxa2 34. Rf2 Ra1+ 35. Kb2 Re1 36. Bd2 1-0

[Event "4NCL Division 1b"]
[Site "Hinckley Island ENG"]
[Date "2014.02.15"]
[Round "5.171"]
[White "Bremner, Adam"]
[Black "Bojkov, Dejan"]
[Result "1/2-1/2"]
[WhiteElo "2186"]
[BlackElo "2503"]
[PlyCount "84"]
[EventDate "2014.02.15"]
[WhiteTeam "Grantham Sharks 2"]
[BlackTeam "White Rose 1"]

1. d4 Nf6 2. c4 g6 3. Nc3 Bg7 4. e4 O-O 5. Nf3 d6 6. Be2 c5 7. d5 b5 8. cxb5 a6
9. bxa6 Qa5 10. O-O Bxa6 11. Bd2 Nbd7 12. Bxa6 Qxa6 13. Qc2 Rfb8 14. a4 Qc4 15.
Ra3 Rb7 16. b3 Qb4 17. Rfa1 c4 18. Nb5 cxb3 19. Qc6 Qxe4 20. Qxb7 Rb8 21. Nc3
Rxb7 22. Nxe4 Nxe4 23. Rb1 b2 24. a5 Ndc5 25. a6 Ra7 26. Be3 Rxa6 27. Rxa6 Nxa6
28. Bd4 Nd2 29. Nxd2 Bxd4 30. Nc4 Nc7 31. Nxb2 Nxd5 32. Nd1 Kg7 33. Rb3 f5 34.
g3 Kf6 35. Ne3 Bxe3 36. fxe3 h5 37. Kf2 Ke6 38. Kf3 Nf6 39. h4 Ne4 40. Rb8 Kf6
41. Rf8+ Kg7 42. Ra8 Kf6 1/2-1/2

[Event "4NCL Division 1b"]
[Site "Hinckley Island ENG"]
[Date "2014.02.15"]
[Round "5.172"]
[White "Wells, Peter K"]
[Black "Mangione, Claudio"]
[Result "1/2-1/2"]
[WhiteElo "2461"]
[BlackElo "2188"]
[PlyCount "57"]
[EventDate "2014.02.15"]
[WhiteTeam "White Rose 1"]
[BlackTeam "Grantham Sharks 2"]

1. d4 g6 2. e4 Bg7 3. c4 d6 4. Nc3 Nf6 5. Nf3 O-O 6. Be2 Na6 7. O-O c6 8. Re1
e5 9. Bf1 exd4 10. Nxd4 Re8 11. Bg5 h6 12. Bh4 g5 13. Bg3 Nc5 14. f3 Nh5 15.
Bf2 Nf4 16. b4 Nce6 17. Rc1 Nxd4 18. Bxd4 Be5 19. Bxe5 dxe5 20. Qxd8 Rxd8 21.
Red1 Be6 22. g3 Ng6 23. Na4 b6 24. Kf2 Kf8 25. Ke3 Ke7 26. Be2 f6 27. a3 Rxd1
28. Rxd1 Rd8 29. Rxd8 1/2-1/2

[Event "4NCL Division 1b"]
[Site "Hinckley Island ENG"]
[Date "2014.02.15"]
[Round "5.173"]
[White "Purton, Ben J"]
[Black "Adair, James R"]
[Result "0-1"]
[WhiteElo "2141"]
[BlackElo "2413"]
[PlyCount "52"]
[EventDate "2014.02.15"]
[WhiteTeam "Grantham Sharks 2"]
[BlackTeam "White Rose 1"]

1. d4 Nf6 2. Nf3 e6 3. e3 d5 4. Nbd2 c5 5. a3 b6 6. b3 Bd6 7. Bb2 O-O 8. Bd3
Nc6 9. Ne5 Bb7 10. f4 Ne7 11. Qf3 Qc7 12. Qh3 Ne4 13. O-O-O cxd4 14. exd4 f5
15. Bxe4 dxe4 16. c4 b5 17. Kb1 bxc4 18. bxc4 Rab8 19. Qc3 Bxe5 20. fxe5 f4 21.
Rhe1 e3 22. Nf3 Bxf3 23. gxf3 Qb7 24. d5 Rfc8 25. Rd4 Nxd5 26. Qc1 Nb6 0-1

[Event "4NCL Division 1b"]
[Site "Hinckley Island ENG"]
[Date "2014.02.15"]
[Round "5.174"]
[White "McNab, Colin A"]
[Black "Varnam, Liam D"]
[Result "1-0"]
[WhiteElo "2446"]
[BlackElo "2112"]
[PlyCount "81"]
[EventDate "2014.02.15"]
[WhiteTeam "White Rose 1"]
[BlackTeam "Grantham Sharks 2"]

1. c4 c5 2. g3 g6 3. Bg2 Bg7 4. Nc3 Nc6 5. Nf3 e5 6. O-O Nge7 7. a3 O-O 8. Rb1
a5 9. Ne1 d6 10. Nc2 f5 11. b4 axb4 12. axb4 cxb4 13. Nd5 e4 14. d3 Nxd5 15.
cxd5 exd3 16. dxc6 dxc2 17. Qxc2 bxc6 18. Qxc6 Rb8 19. Rd1 Bb7 20. Qc4+ Kh8 21.
Bf4 Bxg2 22. Kxg2 Rb6 23. Be3 Rb7 24. Rxb4 d5 25. Qb3 Rxb4 26. Qxb4 Qa8 27. Bd4
Re8 28. Qb2 Re7 29. Bxg7+ Rxg7 30. Qe5 h6 31. Qxd5 Qxd5+ 32. Rxd5 Re7 33. Kf3
Kg7 34. h4 Re6 35. h5 Kf6 36. hxg6 Kxg6 37. Rd8 Re4 38. g4 Rxg4 39. Rg8+ Kh5
40. Rxg4 fxg4+ 41. Kf4 1-0

[Event "4NCL Division 1b"]
[Site "Hinckley Island ENG"]
[Date "2014.02.15"]
[Round "5.175"]
[White "Birtwistle, Nigel"]
[Black "Palliser, Richard JD"]
[Result "0-1"]
[WhiteElo "2146"]
[BlackElo "2453"]
[PlyCount "70"]
[EventDate "2014.02.15"]
[WhiteTeam "Grantham Sharks 2"]
[BlackTeam "White Rose 1"]

1. Nf3 g6 2. e4 Bg7 3. d4 d6 4. Nc3 a6 5. a4 b6 6. Bd3 Nd7 7. O-O e6 8. Be3 Ne7
9. Qd2 h6 10. Ne2 Bb7 11. c4 Nf6 12. d5 e5 13. Qc2 a5 14. h3 Nd7 15. Bd2 O-O
16. b4 f5 17. Rab1 axb4 18. Bxb4 Nc5 19. Nc3 fxe4 20. Bxe4 Nxe4 21. Nxe4 Rxf3
22. gxf3 Bc8 23. Rfe1 Bxh3 24. Ng3 Nf5 25. Re4 Nxg3 26. fxg3 Bf5 27. Bd2 Qd7
28. a5 bxa5 29. g4 Bxe4 30. Qxe4 Qe8 31. Ra1 a4 32. c5 dxc5 33. Be3 Bf8 34. Qc4
Qf7 35. Kg2 c6 0-1

[Event "4NCL Division 1b"]
[Site "Hinckley Island ENG"]
[Date "2014.02.15"]
[Round "5.176"]
[White "Croad, Nicolas"]
[Black "Burrows, Martin P"]
[Result "1/2-1/2"]
[WhiteElo "2249"]
[BlackElo "2123"]
[PlyCount "78"]
[EventDate "2014.02.15"]
[WhiteTeam "White Rose 1"]
[BlackTeam "Grantham Sharks 2"]

1. d4 Nf6 2. c4 e6 3. Nf3 b6 4. Bf4 Bb7 5. e3 Be7 6. h3 O-O 7. Nc3 d5 8. Rc1 c5
9. dxc5 Bxc5 10. Be2 Nbd7 11. O-O Re8 12. cxd5 Nxd5 13. Nxd5 exd5 14. Qa4 Nf6
15. Rfd1 Ne4 16. b4 Bd6 17. Bxd6 Qxd6 18. Bd3 Qf6 19. Bxe4 dxe4 20. Nd4 Re7 21.
Rc3 h6 22. Rdc1 Qe5 23. Qc2 a6 24. Rc7 Rae8 25. a3 Qf6 26. Qa4 Qe5 27. Rxe7
Rxe7 28. Nc6 Bxc6 29. Qxc6 Qb2 30. Rd1 Kh7 31. Qc8 Qe2 32. Qg4 Qxg4 33. hxg4
Rc7 34. Rd6 Rc3 35. Rxb6 Rxa3 36. Kh2 a5 37. Kg3 g5 38. Rb5 Rb3 39. Rxa5 Rxb4
1/2-1/2

[Event "4NCL Division 1b"]
[Site "Hinckley Island ENG"]
[Date "2014.02.15"]
[Round "5.177"]
[White "Kafka, Graeme"]
[Black "Weller, Jean-Luc"]
[Result "0-1"]
[WhiteElo "2047"]
[BlackElo "2195"]
[PlyCount "50"]
[EventDate "2014.02.15"]
[WhiteTeam "Grantham Sharks 2"]
[BlackTeam "White Rose 1"]

1. e4 e6 2. d4 d5 3. e5 c5 4. c3 Nc6 5. Nf3 Qb6 6. a3 Nh6 7. b4 cxd4 8. cxd4
Nf5 9. Bb2 Bd7 10. g4 Nh6 11. h3 f6 12. exf6 gxf6 13. Nc3 Nf7 14. Na4 Qc7 15.
Rc1 Qf4 16. Nc5 Bxc5 17. Rxc5 Ng5 18. Nxg5 fxg5 19. Bg2 O-O 20. O-O Rac8 21. b5
Ne7 22. Bc1 Qf6 23. f4 Rxc5 24. fxg5 Rxc1 25. gxf6 Rxd1 0-1

[Event "4NCL Division 1b"]
[Site "Hinckley Island ENG"]
[Date "2014.02.15"]
[Round "5.178"]
[White "Varholakova, Niki"]
[Black "Summerscale, Claire E"]
[Result "1-0"]
[WhiteElo "2151"]
[BlackElo "1949"]
[PlyCount "76"]
[EventDate "2014.02.15"]
[WhiteTeam "White Rose 1"]
[BlackTeam "Grantham Sharks 2"]

1. e4 e5 2. Nf3 d6 3. d4 Qe7 4. Nc3 c6 5. Bg5 Nf6 6. Be2 Nbd7 7. O-O h6 8. Bh4
g5 9. Bg3 Bg7 10. dxe5 dxe5 11. Nd2 Nb6 12. a4 a5 13. Ra3 O-O 14. Bd3 Bg4 15.
f3 Bh5 16. Rb3 Qc7 17. Bf2 Nfd7 18. Qe2 Rfd8 19. Rd1 Bf8 20. h4 Be7 21. hxg5
hxg5 22. Be3 Nc5 23. Qf2 Nxb3 24. Nxb3 Nd7 25. Ne2 Kg7 26. Qg3 f6 27. Ned4 Nf8
28. Nf5+ Kf7 29. Bc4+ Ne6 30. Rxd8 Qxd8 31. Qh3 Bg6 32. Nh6+ Kg7 33. Bxe6 Qd1+
34. Kh2 Rh8 35. Qg3 Rxh6+ 36. Bh3 Qxc2 37. Nd2 Qxb2 38. Qg4 Kf7 1-0

[Event "4NCL Division 1b"]
[Site "Hinckley Island ENG"]
[Date "2014.02.15"]
[Round "5.181"]
[White "Dearing, Edward J"]
[Black "Gordon, Stephen J"]
[Result "0-1"]
[WhiteElo "2415"]
[BlackElo "2504"]
[PlyCount "66"]
[EventDate "2014.02.15"]
[WhiteTeam "Cambridge University 1"]
[BlackTeam "3Cs 1"]

1. Nf3 d5 2. g3 c6 3. Bg2 Bf5 4. c4 e6 5. cxd5 exd5 6. O-O Nf6 7. d3 Be7 8. Qb3
Qb6 9. Qc2 O-O 10. Nc3 h6 11. e4 Bh7 12. Be3 Qa6 13. Rfd1 Nbd7 14. a3 Rfd8 15.
b4 Nf8 16. Nd4 Ng4 17. Bf4 Bf6 18. Nb3 Ne6 19. Bd2 Nd4 20. Nxd4 Bxd4 21. Be1
Rac8 22. h3 Nf6 23. Rac1 dxe4 24. dxe4 Qc4 25. Qd2 Qe6 26. Qxd4 Rxd4 27. Rxd4
Re8 28. Rcd1 Qb3 29. a4 Nxe4 30. Bxe4 Bxe4 31. Rd8 Rxd8 32. Rxd8+ Kh7 33. Nxe4
Qb1 0-1